00421nam a2200169Ia 4500003000400000008004100004040001600045082001700061100002300078245003800101260004200139300000800181650000900189650002600198650001100224650001600235GCL140319s9999 xx 000 0 eng d aGCL / cGCL04a709.022bM G1 aMARTINDALE, ANDREW10aGOTHIC ART / cMARTINDALE, ANDREW a[S.N] : bTHAMES AND HUDSON ، c1991 a28704aARTS04aHISTORY AND CRITICISM04aGOTHIC04aART, GOTHIC